[Event "FRA-chTA U20 1011"]
[Site "France"]
[Date "2010.12.19"]
[Round "6.6"]
[White "Muller, Martial"]
[Black "Ferrari, Louis"]
[Result "0-1"]
[WhiteElo "1250"]
[BlackElo "1608"]
[PlyCount "72"]
[EventDate "2010.11.21"]
[EventType "team-tourn"]
[EventRounds "7"]
[EventCountry "FRA"]
[SourceTitle "EXT 2012"]
[Source "ChessBase"]
[SourceDate "2011.11.24"]
[SourceVersion "1"]
[SourceVersionDate "2011.11.24"]
[SourceQuality "1"]
[WhiteTeam "Lyon"]
[BlackTeam "Hyeres"]
[WhiteTeamCountry "FRA"]
[BlackTeamCountry "FRA"]

1. e4 c6 2. d4 d5 3. exd5 cxd5 4. Nc3 Bf5 5. Nf3 Nf6 6. Bf4 e6 7. Bb5+ Nbd7 8. 0-0 Bb4 9. a3 Bxc3 10. bxc3 Rc8 11. Bd2 0-0 12. Rb1 Ne4 13. Bxd7 Qxd7 14. Ne5 Qe7 15. Rb3 Rc7 16. f3 Nxd2 17. Qxd2 Rfc8 18. Nd3 b6 19. Rfb1 Rc4 20. Nb4 h6 21. Na2 Qf6 22. Re1 Qe7 23. Qc1 f6 24. Kf2 Rxd4 25. g4 Bh7 26. cxd4 Rxc2+ 27. Qxc2 Bxc2 28. Rc3 Bg6 29. Rec1 Kh7 30. Nb4 Qd6 31. Kg2 a5 32. Rc6 Qf4 33. Na6 Qd2+ 34. Kg3 h5 35. Nb8 h4+ 36. Kxh4 Qxh2# 0-1